[Event "Excelsior Cup"]
[Site "Gothenburg"]
[Date "1998.01.15"]
[Round "9"]
[White "Rytshagov, Mikhail"]
[Black "Aagaard, Jacob"]
[Result "1/2-1/2"]
[WhiteElo "2525"]
[BlackElo "2435"]
[Annotator "Aagaard,J"]
[PlyCount "20"]
[EventDate "1998.01.07"]
[EventType "tourn"]
[EventRounds "9"]
[EventCountry "SWE"]
[EventCategory "9"]
[SourceTitle "EXT 2001"]
[Source "ChessBase"]
[SourceDate "2000.11.22"]
[SourceVersion "1"]
[SourceVersionDate "2000.11.22"]
[SourceQuality "1"]

1. e4 e5 2. Nf3 Nc6 3. Bb5 f5 4. Nc3 Nd4 5. exf5 c6 6. Be2 Qf6 $1 7. Nxd4 exd4
8. Ne4 Qxf5 9. Bh5+ Kd8 10. Ng3 Qe5+ $11 1/2-1/2

[Event "Bundesliga 0506"]
[Site "Germany"]
[Date "2006.02.18"]
[Round "10.5"]
[White "Saltaev, Mihail"]
[Black "Breder, Dennis"]
[Result "1-0"]
[WhiteElo "2498"]
[BlackElo "2431"]
[Annotator "Atlas,V"]
[PlyCount "77"]
[EventDate "2005.10.21"]
[EventType "team-tourn"]
[EventRounds "15"]
[EventCountry "GER"]
[SourceTitle "CBM 112"]
[Source "ChessBase"]
[SourceDate "2006.06.07"]
[SourceVersion "1"]
[SourceVersionDate "2006.06.07"]
[SourceQuality "1"]
[WhiteTeam "Muelheim Nord"]
[BlackTeam "Godesberg"]
[WhiteTeamCountry "GER"]
[BlackTeamCountry "GER"]

1. e4 e5 2. Nf3 Nc6 3. Bb5 f5 4. d3 fxe4 5. dxe4 Nf6 6. O-O Bc5 7. Bxc6 bxc6 8.
Nxe5 O-O 9. Nd3 Nxe4 10. Nxc5 Nxc5 11. Be3 Ne6 12. Nd2 c5 13. Nb3 Bb7 14. Na5
Be4 15. f3 Bg6 16. Qd2 d6 17. a3 Qf6 18. b4 Qf5 19. c3 Rfe8 20. Rfe1 a6 21.
Rad1 Bf7 22. Qf2 Qf6 23. Rc1 Rab8 24. Qd2 Qf5 25. Rcd1 h6 26. Re2 g5 27. Rde1
Kh7 28. h3 Bg6 29. Bf2 Bf7 30. bxc5 Nxc5 31. Re7 Rxe7 32. Rxe7 Ne6 33. Nc6 Rb1+
34. Kh2 Kg7 (34... Kg6 {loses after} 35. Rxe6+ $1 Qxe6 (35... Bxe6 36. Ne7+)
36. Qd3+) (34... Kg8 {fails to} 35. Rxc7 $1) (34... Ra1 {is strongly met by}
35. Nd4 $1 Qf6 36. Rd7 {, with a dangerous initiative.}) 35. Bg3 Kf8 $2 ({
This careless move loses the game. After} 35... Qc5 {the chances are about
equal.}) {[%tqu "En","How would you take advantage of Black's last imprudent
move?","Exploit a weak position of the enemy king and destroy the pawn
bastions on the queenside.","Sacrifice your rook to bring the white queen into
attack.","e7c7","This unexpected blow decides the game for White.",6]} 36. Rxc7
$1 {[%csl Gd2,Rd6,Rf8,Gg3] This terrific blow yields White an irresistible
attack.} Nxc7 37. Qxd6+ Kg7 ({Or} 37... Kg8 38. Ne7+) (37... Ke8 38. Qe7#) 38.
Be5+ Kh7 39. Qf8 $1 (39. Qf8 {, and Black resigned in view of} Ne6 (39... Qg6
40. Qh8#) 40. Qh8+ Kg6 41. Ne7+ {, with mate in a few moves.}) 1-0

[Event "SWE-ch"]
[Site "Lund"]
[Date "2010.07.10"]
[Round "8"]
[White "Berg, Emanuel"]
[Black "Hector, Jonny"]
[Result "1-0"]
[WhiteElo "2612"]
[BlackElo "2584"]
[Annotator "Berg,E"]
[PlyCount "133"]
[EventDate "2010.07.03"]
[EventType "tourn"]
[EventRounds "9"]
[EventCountry "SWE"]
[EventCategory "8"]
[SourceTitle "CBM 137 Extra"]
[Source "ChessBase"]
[SourceDate "2010.09.01"]
[SourceVersion "1"]
[SourceVersionDate "2010.09.01"]
[SourceQuality "1"]

1. e4 e5 2. Nf3 Nc6 3. Bb5 f5 {A slight surprise. As far as I know this was
the first time Hector had tried out the Schliemann Variation. However, I had
it in mind since it's a typical "Hector variation" - he likes to enter dynamic
positions with lots of possibilities. This variation used to have a bad
reputation, but in recent years it has been played by strong world class
players with good results.} 4. d3 {This calm move is not the most challenging,
but can put a lot of pressure on Black's position in the long term. The move ..
.f5 has seriously weakened the light squares which will be of great importance
later on.} (4. Nc3 {is the most common move and also what I had tried myself
in my earlier games. However, Black seems to be doing fine in those lines and
the play gets very concrete, which favours the better prepared player.}) 4...
fxe4 {This exchange helps White, but is also necessary because after} (4... Nf6
{White will continue} 5. exf5 $5 {with a good game.}) ({Another option for
Black is} 4... d6 {but then the B on f8 will not arrive on c5.}) 5. dxe4 Nf6 6.
O-O Bc5 7. Bc4 {An interesting move that stops Black from castling for the
moment. The question is if it's really worth the loss of a tempo. Another
insteresting aspect is that the same position can arise with reversed colours
in the King's Gambit with the important difference that there White usually
does not exchange pawns in the centre with fxe5.} (7. Nc3 {is the main move
here.}) 7... d6 {Black continues with the development of the queenside and
also overprotects the pawn on e5, which creates the option of playing ...Na5
later on.} 8. Nc3 a6 $146 {A novelty. To me it seems a bit too slow. Black
should either have continued development or played ...Na5 in order to be able
to castle.} ({Jonny told after the game that he didn't like} 8... Na5 {because
of} 9. Bb5+ {when the best relyfor Black seems to be to return with} Nc6 (9...
c6 {puts the N on a5 in danger as it now doesn't have a retreat square and in
the event of}) (9... Bd7 10. Bxd7+ Qxd7 11. Bg5 {White gets a nice grip on the
light squares in the absence of Black's light squared bishop.}) {Now after} 10.
Bg5 O-O 11. Nd5 $14 {White is slightly better, but at least Black has managed
to castle.}) (8... Bg4 9. h3 Bh5 10. Bg5 {also gives White a slight plus.
Black is weak on the light squares and the problem of castling still remains.})
(8... Qe7 {is well met with} 9. Bg5 {when} Be6 10. Nd5 Bxd5 11. Bxd5 {leaves
White with the pair of bishops and a slight but clear advantage.}) 9. Bg5 {
Now we enter a known position again by transposition of moves.} (9. a3 $5 {
was an interesting alternative in order to answer ...Na5 with Ba2.}) 9... Bg4 (
{During the game I counted on} 9... h6 10. Bxf6 Qxf6 11. Nd5 Qd8 12. b4 $5 {
which had actually already been played before... back in 1958! White quickly
got an overwhelming advantage after} Ba7 13. Ne1 O-O $2 (13... h5 {was
necessary, but White still has a nice plus.}) 14. Nxc7+ Kh8 15. Nxa8 Qh4 16.
Nf3 Qh5 17. Nc7 Bh3 18. Ne6 {and Black's counterplay was not quite enough in
1-0 Pilnik,H-Reinhardt,E/Mar del Plata 1958/MCL}) (9... Na5 $5 {has also been
played before. It's logical to push the white bishop away in order to be able
to castle, especially when having already played ...a6. On the other hand the
Black N on a5 ends up "offside" and soon has to return to c6.} 10. Be2 (10. Bd3
$5 {[%cal Gc3d5] with the idea of Nd5 also looks interesting.}) 10... Be6 11.
Nd5 c6 12. Nxf6+ $6 {1-0 Tsomis,D (2183)-Kondopoulos,D (2145)/Athens 2001/EXT
2003 (41)} ({Here White had an opportunity to get an excellent game after} 12.
Bxf6 gxf6 13. b4 $1 cxd5 14. exd5 {with favourable complications for White,
who has a safer king position and dangerous play on the light squares.})) 10.
h3 (10. Nd5 $5 {was an interesting alternative with the idea} Nd4 11. Nxd4 $1 {
as indicated by the computer afterwards. However the complications are far
from clear and absolutely unnecessary to enter for White.} Bxd1 12. Ne6 {
White has excellent compensation for the sacificed queen.} Qb8 (12... Qd7 $4
13. Bxf6 $18) (12... Bxc2 13. Nxd8 Kxd8 14. Nxf6 gxf6 15. Bxf6+ Kd7 16. Bxh8
Rxh8 17. Rae1 $16) 13. Ndxc7+ Kd7 14. Raxd1 {White has a powerful initiative
and good attacking chances agianst the exposed black king.}) 10... Bh5 $6 $146
{This novelty seems to give White a little bit too much time and he soon ends
up in difficulties. This novelty also leads us into another known position,
once again by tranposition of moves. Earlier Black has tried} (10... Bxf3 11.
Qxf3 Nd4 12. Qd1 $14 b5 (12... c6 $5) 13. Bd3 $2 {After this careless} ({
Much stronger was} 13. Bxf6 $1 Qxf6 (13... gxf6 $5 {is well met by} 14. Qh5+
Kd7 15. Bb3 {when Black's open king position sooner or later should count.})
14. Nd5 Qf7 15. c3 $1 Nf3+ (15... bxc4 16. cxd4 Bxd4 17. Qa4+ {gives White a
nice advantage because of Black's problems with his king position. Moreover
the strong N on d5 doesn't count for nothing. A possible continuation would be}
Kf8 18. Rae1 Kg8 19. Re3 $1 Bxe3 20. fxe3 Qe6 21. Ne7+ Qxe7 22. Qxc4+ {with
mate to follow.}) 16. Qxf3 bxc4 17. Qe2 $14 {White has a better pawn structure
and is slightly better.}) 13... c6 14. Ne2 Ne6 15. Bd2 Nh5 16. b4 Bb6 17. Ng3
Nhf4 18. Nf5 g6 19. Ne3 O-O 20. Kh2 a5 21. a4 Bd4 {1/2-1/2 Strikovic,A (2551)
-Marzolo,C (2478)/Calvia 2007/CBM 120 ext}) 11. Nd5 {White has a strong
initiative.} h6 {This forcing move weakens the Black position further, but
it's hard to find any good alternative.} ({Perhaps} 11... Nd4 {would have been
better in order to force some weaknesses from White as well.}) 12. Bxf6 gxf6
13. c3 $1 $146 {The third novelty in the very same game! This moves takes
control of the important d4-square and stops Bloffer much hope of long
castling for Black.} (13. Qd3 {has been played before} Rf8 14. c3 Qd7 15. b4
Ba7 16. Nh4 Nd8 17. Nf5 Ne6 18. g3 b5 19. Bb3 O-O-O 20. Nde7+ Kb8 21. Bd5 c5
22. Nc6+ Kc8 23. Nxa7+ {1-0 Kimpinsky,F (2310)-Pecher,H/Germany 1992/EXT 1997})
13... Rf8 ({Black could have tried to get rid of the annoying N on d5 playing} 
13... Na5 14. Be2 c6 {but after} 15. Ne3 {White is clearly better. b4 is in
the air, and Nh4 is another dangerous threat.}) 14. b4 Ba7 15. Be2 {The White
bishop no longer has any function on c4 since Black's castled position is
already destroyed. Instead it will challenge its counterpart on h5.} Bg6 16.
Nd2 ({I was tempted to play} 16. Nh4 {during the game, but when I couldn't
find anything clear after} Bxe4 {I decided not to complicate matters. However
White has a very strong initiative after} 17. Bf3 $1 {although not totally
convincing.} f5 (17... Bxd5 18. Bxd5 f5 19. Ng6 Rf6 20. Qh5 Ne7 (20... Kd7 21.
Qxh6 $16) 21. Nxe7+ Kxe7 22. Bxb7 Rb8 23. Bd5 $14) 18. Ng6 Rg8 19. Bxe4 fxe4
20. Qg4 $36) 16... Ne7 17. Bh5 Kf7 {Black is in trouble and tries to get his
king out of the danger, by trying to build an artificial castle with the idea
of getting a shelter for the king behind his h6-pawn.} 18. Nc4 (18. Bxg6+ Nxg6
19. Nc4 $16 {was possibly even stronger.}) 18... Bxh5 19. Qxh5+ Kg7 20. Nce3
Bxe3 21. fxe3 $1 {White opens up the f-file which gives him a long-lasting
advantage with absolutely no counterplay for Black.} (21. Nxe3 {was also
promising, but here Black has better practical chances for counterplay.} Qe8
22. Qg4+ Kh7 23. f4 $5 $36) 21... Nxd5 22. Qg4+ Kh7 23. Qf5+ Kg7 24. Qg4+ Kh7
25. exd5 Rf7 $2 {By playing this move, Black loses a pawn by force.} ({Clearly
better was} 25... Qe8 $142 {[%cal Ge8g6]} 26. Rf5 Qg6 27. Qf3 $14 {[%csl Rf6]}
Rf7 {when Black keeps the material balance.}) 26. Qe4+ Kg7 (26... Kh8 27. Qh4
Qf8 28. Rf5 Qg7 29. Raf1 Raf8 30. Rh5 Kh7 31. Rff5 $16 {[%cal Gh5h6]} Rg8 32.
Rxh6+ Qxh6 33. Rh5 Rg6 34. a4 $16) 27. Qg4+ Kh7 28. Qe4+ Kg7 29. Rf3 Qd7 30.
Rg3+ (30. Raf1 $5 $16 {might have been even stronger when Black's best defence
is to give up the pawn immediately with} f5 31. Rxf5 Rxf5 32. Rxf5 $16 {
with a clear advantage for White and a winning position in the long run.})
30... Kf8 31. Rf1 Ke7 32. Rxf6 $1 {A nice combination forcing a won queen
endgame for White.} Rxf6 (32... Kxf6 $4 33. Qh4+ Kf5 34. e4#) 33. Rg7+ Rf7 34.
Rxf7+ Kxf7 35. Qh7+ Ke8 36. Qh8+ Kf7 37. Qh7+ Ke8 38. Qg8+ Ke7 39. Qxa8 Qb5 40.
Qg8 Qd3 41. Qe6+ Kd8 42. Qg8+ Ke7 43. Qe6+ Kd8 44. Qxh6 {Now White gets two
connected passed pawns on the kingside which will decide the game. Even though
Black levels the material balance, he has no other counterplay than the hope
of getting a perpetual check before the white pawns queen.} Qxc3 45. h4 Qxb4
46. Qf6+ $1 {Better than} (46. Qg5+ Ke8 47. h5 {when Black has the option of
getting closer with his king to White's h-pawn.}) 46... Ke8 47. h5 Qe1+ 48. Kh2
Qxe3 {Suddenly Black is leading the material battle, but it's not the quantity
but the quality of the pawns that wll count in the end.} 49. h6 Qe4 $8 {
The only move that keeps Black in the game.} ({After} 49... Qd3 {there would
follow} 50. Qh8+ Kf7 51. Qg7+ Ke8 52. h7 $18) 50. Qe6+ $1 (50. Kh3 $2 Qxd5 {
would be a big mistake and give Black excellent drawing chances.}) 50... Kf8 (
50... Kd8 {is met by} 51. Kh3 $1 {The white king is now heading for the eighth
rank where it will be safe from any checks by the black queen.} (51. g4 $2 {
is too hasty as now after} Qf3 $1 {the white king is shut in on h2 and White
is unable to make progress since any pawn move would allow either loss of
material or perpetual checks.}) 51... Qh7 52. Kh4 $18) 51. Qc8+ Kf7 52. Qe6+ (
52. Qxc7+ Kg6 53. Qxd6+ (53. Qg7+ Kh5 $132) 53... Kg5 $132 (53... Kh7 $4 54.
Qf6 $18) 54. Qe7+ Kxh6 55. Qf6+ $16 {[%csl Gd5]}) 52... Kf8 53. g4 $1 Qf4+ (
53... Qe2+ 54. Kh3 Qf1+ 55. Kh4 Qf2+ 56. Kg5 Qd2+ 57. Kg6 Qd3+ 58. Qf5+ Qxf5+
59. gxf5 Kg8 60. h7+ Kh8 61. f6 {and White wins.}) 54. Kh3 e4 55. Qc8+ Ke7 56.
Qxc7+ Ke8 57. Qc8+ Ke7 58. Qc7+ ({Also possible was} 58. Qxb7+ Kd8 59. Qb8+ Kd7
60. Qa7+ Kd8 61. h7 $18 {[%cal Ga7e3] when the white queen protects the
important e3-square, not allowing any perpetuals.} Qf1+ 62. Kh4 Qf6+ 63. Kh5
Qe5+ 64. Kg6 Qe8+ 65. Qf7 $18) 58... Ke8 59. Qc8+ Ke7 60. Qe6+ Kd8 (60... Kf8
61. h7 Qf3+ 62. Kh4 Qh1+ 63. Kg5 Qxh7 64. Qc8+ Kg7 65. Qxb7+ Kg8 66. Qxh7+ Kxh7
67. Kf4 $18) 61. Qg8+ Kc7 (61... Ke7 62. Qg7+ Qf7 63. Qxf7+ Kxf7 64. Kg3 b5 65.
Kf4 a5 66. Kxe4 Kf6 67. g5+ Kg6 68. Kf4 (68. Kd4 Kh7 69. Kd3 Kg6 70. Ke4 Kh7
71. Kf5 $18) 68... b4 (68... Kh7 69. Kf5 b4 70. Kf6 a4 71. g6+ Kxh6 72. g7 $18)
69. Ke4 a4 70. Kd4 b3 71. axb3 a3 72. Kc3 $18) 62. Qg7+ Kb6 63. h7 e3 64. h8=Q
Qf3+ 65. Kh4 Qh1+ 66. Kg5 Qxd5+ 67. Kf4 {The checks have ended for Black and
so he resigned.} 1-0

[Event "Baukombinat Leipzig"]
[Site "Leipzig"]
[Date "1981.01.21"]
[Round "3"]
[White "Schurade, Matthias"]
[Black "Moehring, Guenther"]
[Result "1/2-1/2"]
[WhiteElo "2360"]
[BlackElo "2375"]
[Annotator "Bulletin"]
[PlyCount "58"]
[EventDate "1981.01.19"]
[EventType "tourn"]
[EventRounds "11"]
[EventCountry "DDR"]
[EventCategory "5"]
[SourceTitle "MCL"]
[Source "ChessBase"]
[SourceDate "1999.07.01"]
[SourceVersion "1"]
[SourceVersionDate "1999.07.01"]
[SourceQuality "1"]

1. e4 e5 2. Nf3 Nc6 3. Bb5 f5 4. d3 fxe4 5. dxe4 Nf6 6. O-O d6 7. h3 Be7 8. Nc3
O-O 9. Ng5 Kh8 10. Bc4 Qe8 11. f4 h6 $6 (11... exf4) 12. Ne6 Bxe6 13. Bxe6 Nd4
14. Bc4 b5 15. Bd3 b4 16. Ne2 Nxe2+ 17. Qxe2 Nh5 18. fxe5 Rxf1+ 19. Qxf1 dxe5
20. Be3 Qc6 21. Qf3 Bc5 22. Qxh5 Bxe3+ 23. Kh1 Bd4 24. Rb1 Rf8 25. b3 Qc3 26.
Qe2 Rf2 27. Qh5 Rf8 28. Qe2 Rf2 29. Qh5 Rf8 1/2-1/2

[Event "POL-chT 51st"]
[Site "Lubniewice"]
[Date "1995.??.??"]
[Round "8"]
[White "Gdanski, Jacek"]
[Black "Ilczuk, Piotr"]
[Result "1-0"]
[WhiteElo "2390"]
[BlackElo "2320"]
[Annotator "Chekhov,V"]
[PlyCount "69"]
[EventDate "1995.09.14"]
[EventType "team-tourn"]
[EventRounds "11"]
[EventCountry "POL"]
[SourceTitle "EXT 1997"]
[Source "ChessBase"]
[SourceDate "1996.11.15"]
[SourceVersion "1"]
[SourceVersionDate "1996.11.15"]
[SourceQuality "1"]
[WhiteTeam "Warszawa Polonia"]
[BlackTeam "Wroclaw Hetman"]
[WhiteTeamCountry "POL"]
[BlackTeamCountry "POL"]

1. e4 e5 2. Nf3 Nc6 3. Bb5 f5 4. Nc3 fxe4 5. Nxe4 d5 6. Ng3 Bg4 7. h3 (7. O-O
$6 Qf6 8. Bxc6+ bxc6 9. d3 Ne7 10. Re1 O-O-O 11. Bg5 Bxf3 12. Bxf6 Bxd1 13.
Bxe7 Bxe7 14. Raxd1 Bd6 $10 {Geller,E-Tseitlin,M/Moscow/1992/0,5/18/}) 7...
Bxf3 8. Qxf3 Qd6 (8... Nf6 9. O-O Bd6 10. Nh5 e4 11. Nxf6+ Qxf6 12. Qxf6 gxf6
13. d3 O-O-O 14. dxe4 dxe4 15. Re1 f5 16. Kf1 $14 {Karpov,An-Lautier,J/Ubeda/
1994/1|0/43/}) 9. O-O (9. Bxc6+ $6 Qxc6 10. Qh5+ Kd7 11. Qg4+ Qe6 12. Qxe6+
Kxe6 $15 {Mikhailov-Ivanov,Vi/Moscow/1991/0|1/28/}) (9. Nf5 Qc5 10. a4 O-O-O
11. c3 Nf6 12. b4 Qb6 13. Qe2 a6 14. Bxc6 Qxc6 15. b5 Qd7 16. Ne3 a5 17. O-O b6
18. d3 Bc5 $15 {Damjanovic,M-Lahav,E/Tel Aviv/1991/0,5/23/}) (9. c4 $6 O-O-O
10. Bxc6 Qxc6 11. cxd5 Qxd5 12. Qxd5 Rxd5 13. Ke2 Ne7 14. d3 Nc6 15. Be3 Bc5
16. Rhd1 Rhd8 $15 {Akopian,V-Kuzmin,A/Podolsk/1990/0,5/51/}) (9. c3 e4 $1 10.
Qe2 O-O-O 11. O-O a6 12. Bxc6 Qxc6 13. d3 exd3 14. Qxd3 Nf6 15. Bg5 Bc5 16. b4
Bb6 17. Nf5 Rd7 18. a4 Qc4 19. Rad1 Qxd3 20. Rxd3 Ne4 $132 {Balashov,Y-Kuzmin,
A/Moscow/1989/0,5/61/}) 9... O-O-O 10. c3 (10. Bxc6 Qxc6 11. Qf5+ Kb8 12. Qxe5
Qxc2 13. d4 Nf6 14. Qf5 Qxf5 15. Nxf5 Ne4 16. Bf4 g6 17. Rac1 Rd7 18. Be5 Rg8
19. Ne3 Bd6 20. f4 c6 $10 {Sigurjonsson,G-Tatai,S/Barselona/1990/0|1/31/})
10... g6 (10... Nf6 11. d4 exd4 12. Nf5 Qc5 13. Bxc6 Qxc6 14. Nxd4 Qd7 15. Bg5
Bc5 16. Rfe1 Bxd4 17. cxd4 Rhf8 18. Qa3 Kb8 19. Re7 Qf5 20. Bh4 $16 {Smirin,
I-Tukmakov,V/Lvov/1990/1|0/43/}) (10... e4 11. Qf5+ Kb8 12. d3 g6 13. Qf4 exd3
14. Qxd6 Bxd6 15. Bxd3 Rf8 16. Re1 Nge7 17. Bh6 Rf7 18. Re2 Bf4 19. Bxf4 Rxf4
$13 {Sokolov,A-Tseitlin,/Moscow/1983/1|0/64/}) 11. d4 e4 $5 {/N/} (11... Nge7
12. Bg5 e4 13. Qg4+ Kb8 14. f3 h5 15. Qh4 exf3 16. Rxf3 Bh6 17. Rf6 $16 {
Schumi,M-Lenz,A/Austria/1995/1|0/31/}) 12. Qg4+ Qd7 (12... Kb8 13. Bf4 $16) 13.
Bxc6 bxc6 (13... Qxg4 $2 14. Bxb7+ Kxb7 15. hxg4) 14. Qe2 Kb7 15. b4 Bd6 16. a4
Ne7 $132 17. Bg5 Rde8 18. Rfe1 e3 $6 (18... Nf5 $5 19. Nf1 h6 20. Be3 g5 21. b5
Reg8 22. Rab1 Ka8 $132) 19. Bxe3 Bxg3 20. fxg3 Nf5 21. Qf3 Rhf8 22. Bf4 $16 Nd6
23. Qd3 Rxe1+ 24. Rxe1 Ne4 25. b5 g5 26. Be5 Ka8 27. c4 $1 Qf5 (27... Nd6 28.
Bxd6 Qxd6 29. c5 Qd7 30. bxc6 Qxc6 31. Qxh7 Qxa4 32. Qxc7 Qxd4+ 33. Kh2 $18)
28. Qe3 (28. Rf1 $6 Qxf1+ 29. Qxf1 Rxf1+ 30. Kxf1 cxb5 31. cxb5 Kb7 $132) 28...
cxb5 29. axb5 Qf7 (29... Nd6 30. Bxd6 (30. cxd5 Nxb5 31. Kh2 g4 32. h4 Qf2 $14)
30... cxd6 31. c5 dxc5 32. dxc5 Rb8 33. b6 $18) 30. cxd5 Nd6 31. Bxd6 cxd6 32.
Kh2 Qxd5 33. b6 Rc8 (33... axb6 34. Ra1+ Kb8 35. Qe7 Rg8 36. Qa7+ Kc8 37. Qa8+
$18) 34. Ra1 $18 a5 35. Qe7 (35. Qe7 Qb7 36. Rxa5+ Kb8 37. Qxd6+ $18) 1-0

[Event "Copenhagen IM (Politiken Cup-05)"]
[Site "Copenhagen"]
[Date "1983.10.22"]
[Round "8"]
[White "Mortensen, Erling"]
[Black "Wedberg, Tom Birger"]
[Result "1/2-1/2"]
[WhiteElo "2475"]
[BlackElo "2500"]
[Annotator "ChessBase"]
[PlyCount "66"]
[EventDate "1983.10.14"]
[EventType "tourn"]
[EventRounds "9"]
[EventCountry "DEN"]
[SourceTitle "MCL"]
[Source "ChessBase"]
[SourceDate "1999.07.01"]
[SourceVersion "1"]
[SourceVersionDate "1999.07.01"]
[SourceQuality "1"]

1. e4 e5 2. Nf3 Nc6 3. Bb5 f5 4. Nc3 fxe4 5. Nxe4 Nf6 6. Qe2 (6. Nxf6+ Qxf6 7.
Qe2 Be7 8. Bxc6) 6... d5 7. Nxf6+ gxf6 8. d4 Bg7 9. c4 (9. dxe5 O-O 10. Bxc6
bxc6 11. e6 (11. exf6 $5 Qxf6 {/\ Bg4}) 11... a6 12. a4) 9... a6 10. Ba4 Bg4 $1
(10... e4 $2 11. cxd5 Qxd5 12. Bb3 Qf5 13. Bc2) 11. dxe5 (11. h3 Bxf3 12. Qxf3
b5 $1 13. cxb5 Nxd4) 11... O-O 12. cxd5 Nxe5 (12... Nd4 13. Qe4 Bxf3 14. gxf3
fxe5 15. Bd1 $14) 13. Be3 (13. Bb3 $2 Re8 14. Be3 f5 $17) 13... c5 $3 {/\14...
Qa5+, 14...c4} (13... c6 14. O-O-O cxd5 15. Bb3 $14) 14. Bb3 Rc8 15. Rc1 f5 16.
O-O Qe8 (16... Kh8 17. Bxc5 Re8 18. Nxe5) (16... Re8 17. d6+ Kh8 18. Nxe5) 17.
d6+ Kh8 18. Rfe1 $1 (18. Bd5 c4 $1 19. Bxc4 $2 (19. Qd2 $5 $13) 19... f4 20.
Bd4 (20. d7 $1 Nxf3+ $1 21. gxf3 Bxd7 22. Bd2 Qh5 $15) 20... Nxc4 $17) 18...
Bxf3 19. gxf3 Qh5 20. Bd5 b6 $1 (20... f4 21. Bxc5 Ng4 (21... Rf6 22. Bd4) 22.
fxg4 Qxd5 23. b4 $14) (20... Rf6 21. Bf4 Rxd6 22. Bxe5 Rxd5 23. Bxg7+ Kxg7 24.
Kh1) 21. Rcd1 $6 (21. Bf4 Ng6 22. Qd2 Bd4 $5) 21... Rcd8 22. Bf4 Ng6 23. Qd2
Nxf4 24. Qxf4 Qg6+ 25. Kh1 Qxd6 26. Qh4 (26. Qxd6 $2 Rxd6 27. b3 $4 Rfd8) 26...
Qf6 27. Qxf6 Bxf6 28. b3 Bd4 29. Bb7 Bxf2 30. Rxd8 Rxd8 31. Re6 Rd1+ 32. Kg2
Bd4 33. Bxa6 Kg7 1/2-1/2